00493pab a2200145 454500008004000000100002000040245014300060260000900203300001400212362000800226650002600234700002300260700002200283773004200305180718b2007 xxu||||| |||| 00| 0 eng d aCoughlas, Peter aPhototypes as (design) tools for behavioral and organizational change: a design-based approach to help organizations change work behaviors c2007 ap.122-34. aMar aOrganizational change aCanales, Katherine aSuri, Jane Fulton aJournal of Applied Behavioral Science